<?xml version="1.0" encoding="UTF-8"?>
<record
    xmlns:xsi="http://www.w3.org/2001/XMLSchema-instance"
    xsi:schemaLocation="http://www.loc.gov/MARC21/slim http://www.loc.gov/standards/marcxml/schema/MARC21slim.xsd"
    xmlns="http://www.loc.gov/MARC21/slim">

  <leader>03125nam a2200301 i 4500</leader>
  <controlfield tag="003">DO-SdBNP</controlfield>
  <controlfield tag="005">20250506103729.0</controlfield>
  <controlfield tag="007">ta</controlfield>
  <controlfield tag="008">250506b2024    xxub|||| |||| 00| 0 spa d</controlfield>
  <datafield tag="020" ind1=" " ind2=" ">
    <subfield code="a">9789945800494</subfield>
  </datafield>
  <datafield tag="040" ind1=" " ind2=" ">
    <subfield code="a">DO-SdBNP</subfield>
    <subfield code="b">spa</subfield>
    <subfield code="c">BNPHU</subfield>
    <subfield code="e">rda</subfield>
  </datafield>
  <datafield tag="082" ind1=" " ind2=" ">
    <subfield code="a">xxxx</subfield>
    <subfield code="b">L318</subfield>
    <subfield code="2">22</subfield>
  </datafield>
  <datafield tag="100" ind1="1" ind2=" ">
    <subfield code="a">Lara Espinal, Maike Miguel,</subfield>
    <subfield code="d">2002-</subfield>
    <subfield code="e">autor</subfield>
    <subfield code="4">aut.</subfield>
    <subfield code="9">87483</subfield>
  </datafield>
  <datafield tag="245" ind1="1" ind2="0">
    <subfield code="a">How to achieve legal success in the United States : </subfield>
    <subfield code="b">a survival guide for foreign attorneys /</subfield>
    <subfield code="c">Maike M. Lara Espinal </subfield>
  </datafield>
  <datafield tag="264" ind1=" " ind2="4">
    <subfield code="a">[Santo Domingo] :</subfield>
    <subfield code="b">[editor no identificado],</subfield>
    <subfield code="c">&#xA9;2024.</subfield>
  </datafield>
  <datafield tag="300" ind1=" " ind2=" ">
    <subfield code="a">147 p&#xE1;ginas</subfield>
    <subfield code="b">mapas</subfield>
    <subfield code="c">23 cm.</subfield>
  </datafield>
  <datafield tag="336" ind1=" " ind2=" ">
    <subfield code="a">texto</subfield>
    <subfield code="b">txt</subfield>
    <subfield code="2">rdacontent</subfield>
  </datafield>
  <datafield tag="337" ind1=" " ind2=" ">
    <subfield code="a">sin mediaci&#xF3;n </subfield>
    <subfield code="b">n</subfield>
    <subfield code="2">rdamedia</subfield>
  </datafield>
  <datafield tag="338" ind1=" " ind2=" ">
    <subfield code="a">volumen</subfield>
    <subfield code="b">nc</subfield>
    <subfield code="2">rdacarrier</subfield>
  </datafield>
  <datafield tag="500" ind1=" " ind2=" ">
    <subfield code="a">Incluye datos biograf&#xED;cos del autor en la p&#xE1;gina 147.</subfield>
  </datafield>
  <datafield tag="500" ind1=" " ind2=" ">
    <subfield code="a">Incluye notas a pie de p&#xE1;ginas. </subfield>
  </datafield>
  <datafield tag="520" ind1=" " ind2=" ">
    <subfield code="a">The &#x201C;Survival Guide for Foreign Attorneys&#x201D; is an essential resource for navigating and succeeding in the world of U.S. law as an international lawyer. Specifically designed for LL.M. students and foreign lawyers, it provides a detailed guide from selecting the right program to adapting to life in the United States.

Discover the various types of law programs and the application process, and learn everything necessary about obtaining a student visa. Understand the cultural and academic differences you will face, and receive practical advice on how to handle the financial, academic, and employment challenges that often arise.

This guide includes testimonials from LL.M. students and additional resources to help you maximize your academic and professional experience. Whether your goal is to specialize and return to your home country or to practice in the United States, &#x201C;How to Achieve Legal Success in the United States&#x201D; will provide you with the tools and knowledge needed to achieve success.</subfield>
  </datafield>
  <datafield tag="520" ind1=" " ind2=" ">
    <subfield code="a">La &#x201C;Gu&#xED;a de supervivencia para abogados extranjeros&#x201D; es un recurso esencial para navegar y triunfar en el mundo del derecho estadounidense como abogado internacional. Dise&#xF1;ado espec&#xED;ficamente para estudiantes de LL.M. y abogados extranjeros, proporciona una gu&#xED;a detallada desde la selecci&#xF3;n del programa adecuado hasta la adaptaci&#xF3;n a la vida en los Estados Unidos.

Descubre los diversos tipos de programas de derecho y el proceso de aplicaci&#xF3;n, y aprende todo lo necesario sobre la obtenci&#xF3;n de la visa de estudiante. Conoce las diferencias culturales y acad&#xE9;micas que enfrentar&#xE1;s, y recibe consejos pr&#xE1;cticos sobre c&#xF3;mo manejar los desaf&#xED;os financieros, acad&#xE9;micos y laborales que se suelen presentar.

Esta gu&#xED;a incluye testimonios de estudiantes LL.M. y recursos adicionales que te ayudar&#xE1;n a maximizar tu experiencia acad&#xE9;mica y profesional. Ya sea que tu objetivo sea especializarte y regresar a tu pa&#xED;s o ejercer en Estados Unidos, &#x201C;C&#xF3;mo tener &#xE9;xito legal en Estados Unidos&#x201D; te proporcionar&#xE1; las herramientas y conocimientos necesarios para alcanzar el &#xE9;xito.</subfield>
  </datafield>
  <datafield tag="521" ind1=" " ind2=" ">
    <subfield code="a">Profesional, acad&#xE9;mico.</subfield>
  </datafield>
  <datafield tag="590" ind1=" " ind2=" ">
    <subfield code="a">Inventariado, 2025/ YL</subfield>
  </datafield>
  <datafield tag="910" ind1=" " ind2=" ">
    <subfield code="a">YLockward</subfield>
  </datafield>
  <datafield tag="942" ind1=" " ind2=" ">
    <subfield code="2">ddc</subfield>
    <subfield code="c">LBS1</subfield>
  </datafield>
  <datafield tag="952" ind1=" " ind2=" ">
    <subfield code="0">0</subfield>
    <subfield code="1">0</subfield>
    <subfield code="2">ddc</subfield>
    <subfield code="5">1</subfield>
    <subfield code="7">0</subfield>
    <subfield code="8">PD</subfield>
    <subfield code="a">BNPHU</subfield>
    <subfield code="b">BNPHU</subfield>
    <subfield code="c">CT</subfield>
    <subfield code="d">2024-10-16</subfield>
    <subfield code="e">Dep&#xF3;sito Legal </subfield>
    <subfield code="l">0</subfield>
    <subfield code="o">BNPHU PD xxxx L318</subfield>
    <subfield code="p">2025-3975</subfield>
    <subfield code="r">2025-05-06</subfield>
    <subfield code="w">2025-05-06</subfield>
    <subfield code="y">LBS1</subfield>
  </datafield>
  <datafield tag="952" ind1=" " ind2=" ">
    <subfield code="0">0</subfield>
    <subfield code="1">0</subfield>
    <subfield code="2">ddc</subfield>
    <subfield code="5">1</subfield>
    <subfield code="7">0</subfield>
    <subfield code="8">PD</subfield>
    <subfield code="a">BNPHU</subfield>
    <subfield code="b">BNPHU</subfield>
    <subfield code="c">CT</subfield>
    <subfield code="d">2024-10-16</subfield>
    <subfield code="e">Dep&#xF3;sito Legal </subfield>
    <subfield code="l">0</subfield>
    <subfield code="o">BNPHU PD xxxx L318</subfield>
    <subfield code="p">2025-3976</subfield>
    <subfield code="r">2025-05-06</subfield>
    <subfield code="t">e. 2</subfield>
    <subfield code="w">2025-05-06</subfield>
    <subfield code="y">LBS1</subfield>
  </datafield>
  <datafield tag="952" ind1=" " ind2=" ">
    <subfield code="0">0</subfield>
    <subfield code="1">0</subfield>
    <subfield code="2">ddc</subfield>
    <subfield code="5">6</subfield>
    <subfield code="7">0</subfield>
    <subfield code="8">DS</subfield>
    <subfield code="a">BNPHU</subfield>
    <subfield code="b">BNPHU</subfield>
    <subfield code="c">CT</subfield>
    <subfield code="d">2024-10-16</subfield>
    <subfield code="e">Dep&#xF3;sito Legal </subfield>
    <subfield code="l">0</subfield>
    <subfield code="o">BNPHU DS xxxx L318</subfield>
    <subfield code="p">2025-3977</subfield>
    <subfield code="r">2025-05-06</subfield>
    <subfield code="t">e. 3</subfield>
    <subfield code="w">2025-05-06</subfield>
    <subfield code="y">LBS1</subfield>
  </datafield>
  <datafield tag="999" ind1=" " ind2=" ">
    <subfield code="c">58933</subfield>
    <subfield code="d">58933</subfield>
  </datafield>
</record>
